<?xml version="1.0" encoding="UTF-8"?>
<collection xmlns="http://www.loc.gov/MARC21/slim">
  <record>
    <leader>00000nam  2200000   4500</leader>
    <controlfield tag="001">INLIS000000000042690</controlfield>
    <controlfield tag="005">20171221031139</controlfield>
    <datafield tag="035" ind1="#" ind2="#">
      <subfield code="a">0010-101300000000612</subfield>
    </datafield>
    <controlfield tag="008">171221###########################0#ind##</controlfield>
    <datafield tag="041" ind1="#" ind2="#">
      <subfield code="a">ind</subfield>
    </datafield>
    <datafield tag="082" ind1="#" ind2="#">
      <subfield code="a">616.926 2</subfield>
    </datafield>
    <datafield tag="090" ind1="#" ind2="#">
      <subfield code="a">616.926 2, Ayd a</subfield>
    </datafield>
    <datafield tag="100" ind1="#" ind2="#">
      <subfield code="a">Ayda Rahmad</subfield>
    </datafield>
    <datafield tag="245" ind1="1" ind2="#">
      <subfield code="a">Atlas diagnostik malaria, Ayda rahmad, Purnomo; Editor, Niko santoso</subfield>
    </datafield>
    <datafield tag="260" ind1="#" ind2="#">
      <subfield code="a">2011 :</subfield>
      <subfield code="b">Jakarta</subfield>
    </datafield>
    <datafield tag="300" ind1="#" ind2="#">
      <subfield code="a">133 hlm, Ilus, 24 cm</subfield>
    </datafield>
    <datafield tag="650" ind1="#" ind2="#">
      <subfield code="a">MALARIA</subfield>
    </datafield>
    <datafield tag="850" ind1="#" ind2="#">
      <subfield code="a">NBPNMAT</subfield>
    </datafield>
    <datafield tag="710" ind1="#" ind2="#">
      <subfield code="a">Purnomo</subfield>
    </datafield>
    <datafield tag="990" ind1="#" ind2="#">
      <subfield code="a">0001/BPAP-NTB/2016</subfield>
    </datafield>
    <datafield tag="990" ind1="#" ind2="#">
      <subfield code="a">21602339/BPAP-NTB/2017</subfield>
    </datafield>
  </record>
</collection>
